Frank Zappa Discography - Statistics

General Stats
  • This quiz has been taken 374 times
    313 since last reset
  • The average score is 57 of 144
Answer Stats
Type Year Name % Correct
Album 1972 Waka/Jawaka - Hot Rats
93%
Album 1969 Hot Rats
90%
Album 1968 We're Only in It for the Money
89%
Album 1966 Freak Out!
88%
Album 1979 Joe's Garage Act I
87%
Album 1979 Joe's Garage Acts II & III
87%
Album 1974 Apostrophe (')
84%
Album 1979 Sheik Yerbouti
82%
Album 1972 The Grand Wazoo
77%
Album 1969 Uncle Meat
76%
Album 1967 Lumpy Gravy
74%
Album 1973 Over-Nite Sensation
74%
Album 1975 One Size Fits All
73%
Soundtrack 1971 200 Motels
72%
Posthumous Album 2015 200 Motels: The Suites
72%
Album 1967 Absolutely Free
71%
Album 1970 Weasels Ripped My Flesh
67%
Collaborative Album 1975 Bongo Fury
66%
Album 1970 Burnt Weeny Sandwich
65%
Album 1981 Shut Up 'n Play Yer Guitar
63%
Box Set 1982 Shut Up 'n Play Yer Guitar
63%
Album 1970 Chunga's Revenge
62%
Album 1968 Cruising with Ruben & the Jets
60%
Sountrack 2015 Roxy the Soundtrack
60%
Album 1981 You Are What You Is
60%
Album 1982 Ship Arriving Too Late to Save a Drowning Witch
59%
Live Album 1988 You Can't Do That on Stage Anymore, Vol. 2
59%
Live Album 1989 You Can't Do That on Stage Anymore, Vol. 3
59%
Live Album 1991 You Can't Do That on Stage Anymore, Vol. 4
59%
Live Album 1992 You Can't Do That on Stage Anymore, Vol. 5
59%
Live Album 1992 You Can't Do That on Stage Anymore, Vol. 6
59%
Album 1993 The Yellow Shark
57%
Album 1976 Zoot Allures
57%
Album 1986 Jazz from Hell
56%
Soundtrack 2020 Zappa - Original Motion Picture Soundtrack
56%
Album 1972 Just Another Band from L.A.
55%
Album 1969 Mothermania
55%
Live Album 1974 Roxy & Elsewhere
54%
Album 1978 Studio Tan
54%
Album 1984 Francesco Zappa
52%
Posthumous Album 1996 Läther
52%
Album 1979 Sleep Dirt
52%
Album 1983 The Man from Utopia
51%
Live Album 1978 Zappa in New York
51%
Soundtrack 1983 Baby Snakes
50%
Soundtrack 2012 Baby Snakes: The Compleat Soundtrack
50%
Album 1984 Thing-Fish
50%
Album 1979 Orchestral Favorites
49%
Live Album 1981 Tinsel Town Rebellion
49%
Live Album 1986 Does Humor Belong in Music?
48%
Album 1988 Guitar
48%
Album 1984 Them or Us
45%
Live Album 1971 Fillmore East - June 1971
44%
Album 1985 Frank Zappa Meets the Mothers of Prevention
41%
Live Album 1988 Broadway the Hard Way
40%
Live Album 2003 Halloween
39%
Collaborative Album 1983 London Symphony Orchestra, Vol. I
39%
Double Package 1995 London Symphony Orchestra, Volumes I & II
39%
Live Album 1991 The Best Band You Never Heard in Your Life
39%
Live Album 1991 Make a Jazz Noise Here
38%
Album 1981 Shut Up 'n Play Yer Guitar Some More
38%
Posthumous Album 1994 Civilization Phaze III
37%
Bootleg Compilation 1991 Beat the Boots
34%
Bootleg Compilation 1992 Beat the Boots II
34%
Collaborative Album 1984 Boulez Conducts Zappa: The Perfect Stranger
34%
Album 1981 Return of the Son of Shut Up 'n Play Yer Guitar
34%
Posthumous Album 2004 Joe's Corsage
33%
Live Album 2007 Buffalo
32%
Live Album 2002 FZ:OZ
32%
Box Set 1984 The Old Masters, Box I
32%
Box Set 1986 The Old Masters, Box II
32%
Box Set 1987 The Old Masters, Box III
32%
Live Album 1993 Ahead of Their Time
30%
Posthumous Album 1996 Frank Zappa Plays the Music of Frank Zappa: A Memorial Tribute
30%
Posthumous Album 2004 Joe's Domage
30%
Live Album 2014 Roxy by Proxy
30%
Compilation 1970 The Mothers of Invention
30%
Live Album 2017 Halloween '77
29%
Live Album 2012 Road Tapes, Venue 1
29%
Live Album 2013 Road Tapes, Venue 2
29%
Live Album 2016 Road Tapes, Venue 3
29%
Posthumous Album 2006 Trance-Fusion
29%
Live Album 2016 Chicago '78
28%
Posthumous Album 2015 Dance Me This
28%
Posthumous Album 1999 Everything Is Healing
28%
Posthumous Album 2008 One Shot Deal
28%
Live Album 2009 Philly '76
28%
Compilation 1995 Strictly Commercial
28%
Posthumous Album 1996 The Lost Episodes
28%
Live Album 2007 Wazoo
28%
Sountrack 2013 A Token of His Extreme
27%
Box Set 2019 Halloween 73
27%
Posthumous Album 2010 Hammersmith Odeon
27%
Compilation 1997 Have I Offended Someone?
27%
Album 1987 London Symphony Orchestra, Vol. II
27%
Compilation 1998 Mystery Disc
27%
Posthumous Album 2007 The Dub Room Special
27%
Box Set 2020 Halloween 81
26%
Box Set 2019 The Hot Rats Sessions
26%
Posthumous Album 2010 Congress Shall Make No Law...
24%
Compilation 1998 Cucamonga
24%
Posthumous Album 2011 Feeding the Monkies at Ma Maison
24%
Compilation 2016 Frank Zappa for President
24%
Posthumous Album 2006 Imaginary Diseases
24%
Compilation 2014 Joe's Camouflage
24%
Compilation 1987 The Guitar World According to Frank Zappa
24%
Box Set 2022 The Mothers 1971
24%
Live Album 2016 Little Dots
23%
Posthumous Album 2006 The MOFO Project/Object
23%
Compilation 2012 Understanding America
23%
Compilation 2012 Finer Moments
22%
Compilation 2009 Lumpy Money Project/Object
22%
Compilation 2016 Meat Light
22%
Compilation 1997 Strictly Genteel
22%
Box Set 2020 The Mothers 1970
22%
Compilation 1968 The **** of the Mothers
22%
Bootleg Compilation 2009 Beat the Boots III
21%
Compilation 1998 Cheap Thrills
21%
Box Set 1987 Joe's Garage Acts I, II & III
21%
Live Album 2008 Joe's Menage
21%
Compilation 2005 Joe's Xmasage
21%
Compilation 1971 Worst of the Mothers
21%
Compilation 2016 ZAPPAtite: Frank Zappa's Tastiest Tracks
21%
Compilation 1999 Son of Cheap Thrills
20%
Compilation 2016 The Crux of the Biscuit Project/Object
20%
Double Package 2021 Zappa '88: The Last U.S. Show
20%
Box Set 2021 200 Motels 50th Anniversary Edition
18%
Compilation 2020 A Very Zappa Birthday EP
18%
Live Album 1988 You Can't Do That on Stage Anymore, Vol. 1
18%
Box Set 2022 Zappa/Erie
18%
Box Set 2019 Zappa in New York 40th Anniversary
18%
Compilation 2004 QuAUDIOPHILIAc
17%
Compilation 2010 Greasy Love Songs Project/Object
16%
Compilation 2019 Halloween 73 Highlights
16%
Live Album 1992 Playground Psychics
16%
Compilation 2008 The Frank Zappa AAAFNRAAA Birthday Bundle
16%
Compilation 2006 The Frank Zappa AAAFNRAA Birthday Bundle
16%
Compilation 2014 The Frank Zappa AAAFNRAA Birthday Bundle 21.12.2014
16%
Box Set 2018 The Roxy Performances
16%
Box Set 2019 Orchestral Favorites 40th Anniversary
15%
Compilation 2010 The Frank Zappa AAAFNRAAAA Birthday Bundle
15%
Compilation 2011 The Frank Zappa AAAFNRAAAAAM Birthday Bundle
13%
Double Pacakage 2022 Zappa '75: Zagreb/Ljubljana
13%
Live Album 2011 Carnegie Live
10%
No matching quizzes found
Score Distribution
Percent of People with Each Score
Percentile by Number Answered
Your Score History
You have not taken this quiz since the last reset